000 00528nam a2200169 i 4500
001 104679
003 ES-MaACL
005 20230906183649.0
007 t|
008 051207s1914 sp ||||1| spa d
100 1 _aMiñón Rodríguez, Maximiliano.
_981396
245 1 0 _aPresupuesto y organización del Ejército /
_cpor Maximiliano Miñón.
260 _aMadrid :
_b[s.n.],
_c1914 (
_fImp. militar de Cleto Vallinas)
300 _a165 p. ;
_c24 cm.
650 0 4 _aEjército-
_zEspaña.
_912134
852 _aES-MaACL
_j1503-F-13
999 _c104679
_d104679